Iruttinte Athmavu_Malayalam (Record no. 38150)

MARC details
000 -LEADER
fixed length control field 01294nam a22001697a 4500
082 ## - DEWEY DECIMAL CLASSIFICATION NUMBER
Classification number 920 VAS
100 ## - MAIN ENTRY--AUTHOR NAME
Personal name Vasudevan Nair M T
245 ## - TITLE STATEMENT
Title Iruttinte Athmavu_Malayalam
250 ## - EDITION STATEMENT
Edition statement 1
260 ## - PUBLICATION, DISTRIBUTION, ETC. (IMPRINT)
Name of publisher Current Books
Place of publication Thrissur
Year of publication 2024
300 ## - PHYSICAL DESCRIPTION
Number of Pages Number of pages : 108
520 ## - SUMMARY, ETC.
Summary, etc เดจเต‹เดตเตเด•เตŠเดฃเตเดŸเต เดฎเดดเดตเดฟเดฒเตเดฒเต เดตเดฟเดŸเตผเดคเตเดคเดฟเดฏ เด•เดฅเด•เดณเดพเดฃเต เดˆ เดชเตเดธเตเดคเด•เดคเตเดคเดฟเตฝ. เดตเดพเดฏเดจเดฏเต† เดนเตƒเดฆเดฏเดคเตเดคเดฟเดจเตเดฑเต† เดเดฑเตเดฑเดตเตเด‚ เดธเตเดตเด•เดพเดฐเตเดฏเดฎเดพเดฏ เด†เดจเดจเตเดฆเดฎเดพเด•เตเด•เดฟเดฏ เดˆ เด•เดฅเด•เตพ เดฎเดฒเดฏเดพเดณเด•เดฅเดฏเตเดŸเต† เดŽเดจเตเดจเดคเตเดคเต†เดฏเตเด‚ เดธเต—เดญเดพเด—เตเดฏเด™เตเด™เดณเดพเดฃเต. เด‡เดฐเตเดŸเตเดŸเดฟเดจเตเดฑเต† เด†เดคเตเดฎเดพเดตเดฟเดฒเต† เดตเต‡เดฒเดพเดฏเตเดงเตป เดŽเดจเตเดจ เดฎเดฒเดฏเดพเดณเดฟเดฏเตเดŸเต† เดเด•เดพเดจเตเดค เดตเต‡เดฆเดจเด•เดณเตเดŸเต† เด†เตพเดฐเต‚เดชเดฎเดพเดฏเดฟเด•เตเด•เดดเดฟเดžเตเดžเต. เด‡เดคเตŠเดฐเต เดธเดพเดงเดพเดฐเดฃ เด•เดฅเดพเดชเตเดธเตเดคเด•เดฎเดฒเตเดฒ. เดจเดฎเตเดฎเตเดŸเต† เดธเด‚เดธเตเด•เดพเดฐเดคเตเดคเดฟเดจเตเดฑเต† เดญเดพเด—เดฎเดพเดฏเดฟเดคเตเดคเต€เตผเดจเตเดจ เดฐเดšเดจเด•เดณเตเดŸเต† เดธเดฎเดพเดนเดพเดฐเดฎเดพเดฃเต.
546 ## - LANGUAGE NOTE
Language note Language : Malayalam
650 ## - SUBJECT ADDED ENTRY--TOPICAL TERM
Topical Term GEN
942 ## - ADDED ENTRY ELEMENTS (KOHA)
Koha item type Text Book
952 ## - LOCATION AND ITEM INFORMATION (KOHA)
Damaged status
Not for loan
Holdings
Withdrawn status Collection code Permanent Location Current Location Date acquired Source of acquisition Cost, normal purchase price Inventory number Full call number Accession Number Price effective from Koha item type
  GENERAL VAST Central Library VAST Central Library 28/11/2025 Minerva Books 170.00 90 920 VAS 38298 22/12/2025 Text Book